[Event "Deutsche Ländermeisterschaft 2017"]
[Site "Hannover GER"]
[Date "2017.10.01"]
[Round "2"]
[White "Teichert, Felix"]
[Black "Wagner, Leopold Franziskus"]
[Result "0-1"]
[Termination "normal"]
[Board "8.2"]
[WhiteElo "2019"]
[BlackElo "2058"]
[WhiteTeam "Brandenburg"]
[BlackTeam "Nordrhein-Westfalen"]
[PlyCount "132"]
[WhiteFideId "12987670"]
[BlackFideId "1641581"]
[EventCountry "GER"]
[EventRounds "7"]
[EventType "team-swiss"]
[EventDate "2017.09.29"]

1. e4 c5 2. Nf3 d6 3. d4 cxd4 4. Nxd4 Nf6 5. f3 e5 6. Nb3 d5 7. Bg5 Be6 8. exd5
Qxd5 9. Nc3 Qxd1+ 10. Rxd1 Nc6 11. Bb5 a6 12. Bxc6+ bxc6 13. Bxf6 gxf6 14. Ne4
Be7 15. Nd6+ Kf8 16. Nc5 Rd8 17. Nxe6+ fxe6 18. Nc4 Rd4 19. Rxd4 exd4 20. Ke2
Rg8 21. g3 e5 22. Kd3 Kf7 23. g4 Ke6 24. Ke4 Bc5 25. Na5 Rc8 26. Nb3 Bb6 27.
Nd2 Rd8 28. Kd3 Kd5 29. Ne4 Rf8 30. Ng3 c5 31. b3 Rc8 32. Ne4 Bd8 33. Rf1 c4+
34. bxc4+ Rxc4 35. Rb1 Ra4 36. Rb8 Be7 37. Rb7 Ke6 38. c3 a5 39. Rb2 Ra3 40.
Kc4 dxc3 41. Rb6+ Kf7 42. Nxc3 Bb4 43. Nd5 Rxf3 44. Nxb4 axb4 45. Rxb4 Ra3 46.
Kd5 Rxa2 47. h4 Kg6 48. Ke4 Rh2 49. h5+ Kg5 50. Rb7 Rf2 51. Rg7+ Kh6 52. Rg8
Rf1 53. Kd5 Rf4 54. g5+ fxg5 55. Kxe5 Kxh5 56. Rh8 h6 57. Rg8 Rf1 58. Rh8 g4
59. Ke4 Kg5 60. Rg8+ Kh4 61. Ke3 h5 62. Ke2 Rf7 63. Rh8 g3 64. Rh6 Kg4 65. Rg6+
Kh3 66. Rg5 h4 0-1

[Event "Deutsche Ländermeisterschaft 2017"]
[Site "Hannover GER"]
[Date "2017.10.01"]
[Round "2"]
[White "Delere, Adrian"]
[Black "Woithe, Daniel"]
[Result "0-1"]
[Termination "normal"]
[Board "8.3"]
[WhiteElo "1872"]
[BlackElo "1793"]
[WhiteTeam "Nordrhein-Westfalen"]
[BlackTeam "Brandenburg"]
[PlyCount "100"]
[WhiteFideId "12990400"]
[BlackFideId "16244648"]
[EventCountry "GER"]
[EventRounds "7"]
[EventType "team-swiss"]
[EventDate "2017.09.29"]

1. e4 e6 2. d4 d5 3. Nc3 Nf6 4. e5 Nfd7 5. f4 c5 6. Nf3 Nc6 7. Be3 a6 8. Qd2
cxd4 9. Nxd4 Bc5 10. O-O-O Bxd4 11. Bxd4 b5 12. Kb1 O-O 13. g4 Bb7 14. h4 Nxd4
15. Qxd4 f6 16. Bg2 fxe5 17. fxe5 Kh8 18. g5 Qb6 19. Qxb6 Nxb6 20. Rhf1 Rae8
21. Bh3 Bc8 22. Ne2 Nc4 23. Nd4 Rxf1 24. Rxf1 Nd2+ 25. Kc1 Nxf1 26. Bxf1 Bd7
27. Bh3 Kg8 28. Kd2 Kf8 29. b4 Ke7 30. Nb3 Rf8 31. Ke3 Rc8 32. Nc5 a5 33. a3
axb4 34. axb4 Ra8 35. Kd4 Ra2 36. Nxd7 Kxd7 37. Kc5 Rxc2+ 38. Kxb5 d4 39. Bf1
Rc3 40. Ka6 d3 41. b5 d2 42. Be2 Ra3+ 43. Kb7 Ra1 44. b6 d1=Q 45. Bb5+ Ke7 46.
g6 hxg6 47. h5 gxh5 48. Bc6 Qd8 49. Ba4 Rxa4 50. Kc6 Qxb6+ 0-1

[Event "Deutsche Ländermeisterschaft 2017"]
[Site "Hannover GER"]
[Date "2017.10.01"]
[Round "2"]
[White "Eue, Vicky"]
[Black "Arakelian, Aik"]
[Result "0-1"]
[Termination "normal"]
[Board "8.4"]
[WhiteElo "1654"]
[BlackElo "1762"]
[WhiteTeam "Brandenburg"]
[BlackTeam "Nordrhein-Westfalen"]
[PlyCount "44"]
[WhiteFideId "12945838"]
[BlackFideId "16220340"]
[EventCountry "GER"]
[EventRounds "7"]
[EventType "team-swiss"]
[EventDate "2017.09.29"]

1. e4 c5 2. Nf3 d6 3. Nc3 Nf6 4. d4 cxd4 5. Nxd4 g6 6. Be3 Bg7 7. Qd2 Ng4 8.
Bc4 Nxe3 9. Qxe3 Nc6 10. Nf3 O-O 11. O-O-O Bd7 12. a3 a6 13. Nd5 b5 14. Ba2 Rb8
15. e5 dxe5 16. Qd3 Bf5 17. Qe2 Qa5 18. Qd2 b4 19. Qe1 Bh6+ 20. Ne3 Qc5 21. c3
bxa3 22. bxa3 Qxa3+ 0-1

[Event "Deutsche Ländermeisterschaft 2017"]
[Site "Hannover GER"]
[Date "2017.10.01"]
[Round "2"]
[White "Müdder, Melanie"]
[Black "Gericke, Luis"]
[Result "1-0"]
[Termination "normal"]
[Board "8.5"]
[WhiteElo "1798"]
[BlackElo "1517"]
[WhiteTeam "Nordrhein-Westfalen"]
[BlackTeam "Brandenburg"]
[PlyCount "56"]
[WhiteFideId "12994103"]
[BlackFideId "16212525"]
[EventCountry "GER"]
[EventRounds "7"]
[EventType "team-swiss"]
[EventDate "2017.09.29"]

1. e4 e5 2. Nf3 Nc6 3. d4 exd4 4. Nxd4 Qh4 5. Nc3 Bb4 6. Be2 Qxe4 7. Ndb5 Bxc3+
8. bxc3 Kd8 9. O-O Nf6 10. Nd4 Nxd4 11. cxd4 d6 12. Rb1 c6 13. Ba3 Kc7 14. Bf3
Qf5 15. d5 Nxd5 16. c4 Be6 17. cxd5 Bxd5 18. Bxd5 Qxd5 19. Qxd5 cxd5 20. Rfc1+
Kd7 21. Rxb7+ Ke6 22. Re1+ Kf6 23. Ree7 Rhf8 24. Bxd6 Rac8 25. Rec7 Rce8 26.
Kf1 d4 27. Bxf8 d3 28. Rd7 Rxf8 1-0

[Event "Deutsche Ländermeisterschaft 2017"]
[Site "Hannover GER"]
[Date "2017.10.01"]
[Round "2"]
[White "Schiewe, Nadin"]
[Black "Rudolph, Eva"]
[Result "0-1"]
[Termination "normal"]
[Board "8.6"]
[WhiteElo "1422"]
[BlackElo "1763"]
[WhiteTeam "Brandenburg"]
[BlackTeam "Nordrhein-Westfalen"]
[PlyCount "66"]
[WhiteFideId "16209079"]
[BlackFideId "16200594"]
[EventCountry "GER"]
[EventRounds "7"]
[EventType "team-swiss"]
[EventDate "2017.09.29"]

1. d4 d5 2. Nf3 Nf6 3. e3 e6 4. Bd3 Bd6 5. O-O O-O 6. Nbd2 c5 7. c3 Nc6 8. b3
Qc7 9. Bb2 e5 10. dxe5 Nxe5 11. Nxe5 Bxe5 12. Nf3 Bg4 13. h3 Bh5 14. Be2 Bg6
15. Bd3 Bh5 16. Be2 Bg6 17. Rc1 Rad8 18. Bd3 Ne4 19. Nxe5 Qxe5 20. Qe2 Bh5 21.
Qc2 f5 22. Rfe1 Qf6 23. c4 d4 24. exd4 cxd4 25. Be2 Qh4 26. Bd3 Qg5 27. Be2
Bxe2 28. Qxe2 d3 29. Qe3 d2 30. Qxg5 Nxg5 31. Re7 dxc1=Q+ 32. Bxc1 Rd1+ 33. Kh2
Rxc1 0-1

[Event "Deutsche Ländermeisterschaft 2017"]
[Site "Hannover GER"]
[Date "2017.10.01"]
[Round "2"]
[White "Möller, Lisa-Marie"]
[Black "Jungandreas, Tillmann"]
[Result "1-0"]
[Termination "normal"]
[Board "8.7"]
[WhiteElo "1838"]
[BlackElo "1479"]
[WhiteTeam "Nordrhein-Westfalen"]
[BlackTeam "Brandenburg"]
[PlyCount "64"]
[WhiteFideId "12959367"]
[BlackFideId "16244664"]
[EventCountry "GER"]
[EventRounds "7"]
[EventType "team-swiss"]
[EventDate "2017.09.29"]

1. e4 e5 2. Nf3 Nc6 3. Bb5 Nf6 4. O-O d6 5. Re1 Bg4 6. h3 Bh5 7. c3 a6 8. Ba4
b5 9. Bb3 Na5 10. Bc2 c5 11. d3 h6 12. Nbd2 Qd7 13. Nf1 Be7 14. Ng3 Bg6 15. d4
exd4 16. cxd4 Rd8 17. a4 b4 18. b3 O-O 19. Nh4 Bh7 20. Nhf5 Kh8 21. Bf4 Rg8 22.
dxc5 dxc5 23. Qxd7 Rxd7 24. Rad1 Nc6 25. Rxd7 Nxd7 26. Bd3 Ra8 27. Bc4 Bg6 28.
Bd5 Rc8 29. Bxc6 Rxc6 30. Nxe7 Re6 31. Nxg6+ Rxg6 32. Rd1 Kh7 1-0

[Event "Deutsche Ländermeisterschaft 2017"]
[Site "Hannover GER"]
[Date "2017.10.01"]
[Round "2"]
[White "Wachinger, Nikolas"]
[Black "Recktenwald, Cedric"]
[Result "1-0"]
[Termination "normal"]
[Board "9.1"]
[WhiteElo "2048"]
[BlackElo "1745"]
[WhiteTeam "Bremen"]
[BlackTeam "Saarland"]
[PlyCount "61"]
[WhiteFideId "12962791"]
[BlackFideId "12971928"]
[EventCountry "GER"]
[EventRounds "7"]
[EventType "team-swiss"]
[EventDate "2017.09.29"]

1. e4 e6 2. d4 d5 3. Nd2 Nf6 4. e5 Nfd7 5. Bd3 c5 6. c3 Nc6 7. Ne2 cxd4 8. cxd4
f6 9. exf6 Nxf6 10. O-O Bd6 11. Nf3 Qc7 12. h3 O-O 13. Be3 e5 14. dxe5 Nxe5 15.
Ned4 Nxd3 16. Qxd3 Qf7 17. Nf5 Bxf5 18. Qxf5 a6 19. Ng5 Qd7 20. Qxd7 Nxd7 21.
Rad1 Nf6 22. Bd4 h6 23. Nf3 Rad8 24. Rd3 Nh5 25. g3 Rf7 26. Kg2 Re7 27. Re1
Rxe1 28. Nxe1 Bc7 29. Nc2 g6 30. Rb3 Rb8 31. Ne3 1-0

[Event "Deutsche Ländermeisterschaft 2017"]
[Site "Hannover GER"]
[Date "2017.10.01"]
[Round "2"]
[White "Jenner, Meikel"]
[Black "Colbow, Collin"]
[Result "0-1"]
[Termination "normal"]
[Board "9.2"]
[WhiteElo "1528"]
[BlackElo "2034"]
[WhiteTeam "Saarland"]
[BlackTeam "Bremen"]
[PlyCount "84"]
[WhiteFideId "16245342"]
[BlackFideId "16201132"]
[EventCountry "GER"]
[EventRounds "7"]
[EventType "team-swiss"]
[EventDate "2017.09.29"]

1. e4 e5 2. Nc3 Nf6 3. f4 d5 4. exd5 exf4 5. Nf3 Nxd5 6. Nxd5 Qxd5 7. d4 Bd6 8.
c4 Qe6+ 9. Be2 Qf6 10. O-O O-O 11. c5 Be7 12. Ne5 Bxc5 13. Bxf4 Bb6 14. Be3 Qe7
15. Rf3 c6 16. Bc4 Be6 17. Qc2 Nd7 18. Bd3 Nxe5 19. Bxh7+ Kh8 20. dxe5 Bxe3+
21. Rxe3 g6 22. Bxg6 fxg6 23. Qxg6 Bf5 24. Qh5+ Bh7 25. Rd1 Qc5 26. Qe2 Rad8
27. Rxd8 Rxd8 28. Kf2 Rd3 29. a3 Qd4 30. Qf3 Qxb2+ 31. Kg3 Rxe3 32. Qxe3 b6 33.
e6 Qg7+ 34. Kf3 Qe7 35. Qc3+ Kg8 36. Qxc6 Qxa3+ 37. Kg4 Qb4+ 38. Kg3 Qe1+ 39.
Kf3 Qd1+ 40. Kf2 Qc2+ 41. Qxc2 Bxc2 42. Ke3 Bb3 0-1

[Event "Deutsche Ländermeisterschaft 2017"]
[Site "Hannover GER"]
[Date "2017.10.01"]
[Round "2"]
[White "Silber, Kevin"]
[Black "Zimmer, Luca"]
[Result "1-0"]
[Termination "normal"]
[Board "9.3"]
[WhiteElo "1992"]
[BlackElo "1628"]
[WhiteTeam "Bremen"]
[BlackTeam "Saarland"]
[PlyCount "85"]
[WhiteFideId "12930440"]
[BlackFideId "12921424"]
[EventCountry "GER"]
[EventRounds "7"]
[EventType "team-swiss"]
[EventDate "2017.09.29"]

1. e4 e6 2. d4 d5 3. Nd2 Nf6 4. e5 Nfd7 5. Bd3 c5 6. c3 Nc6 7. Ne2 cxd4 8. cxd4
f6 9. exf6 Nxf6 10. Nf3 Bd6 11. O-O Qc7 12. Bg5 O-O 13. Bh4 g6 14. Bg3 Bxg3 15.
hxg3 Qg7 16. Bb5 Bd7 17. Rc1 Rae8 18. Nc3 Ng4 19. Qd2 a6 20. Be2 Kh8 21. b3 Nh6
22. Na4 Nf5 23. Rfd1 Nd6 24. Nc5 Rf7 25. Ng5 Rfe7 26. Bxa6 bxa6 27. Nxd7 Nxd4
28. Qxd4 Qxd4 29. Rxd4 Rxd7 30. Rc6 h6 31. Nf3 Rc8 32. Rxa6 Rc1+ 33. Kh2 Rf1
34. Ne5 Nf5 35. Rda4 Rg7 36. Rxe6 Kh7 37. Ra8 Rxf2 38. Ree8 Re7 39. Rh8+ Kg7
40. Rag8+ Kf6 41. Ng4+ Kg5 42. Nxf2 Re2 43. Nh3+ 1-0

[Event "Deutsche Ländermeisterschaft 2017"]
[Site "Hannover GER"]
[Date "2017.10.01"]
[Round "2"]
[White "Chassard, Cedric"]
[Black "Heldt, Nils-Lennart"]
[Result "0-1"]
[Termination "normal"]
[Board "9.4"]
[WhiteElo "1518"]
[BlackElo "2001"]
[WhiteTeam "Saarland"]
[BlackTeam "Bremen"]
[PlyCount "60"]
[WhiteFideId "16243536"]
[BlackFideId "12952109"]
[EventCountry "GER"]
[EventRounds "7"]
[EventType "team-swiss"]
[EventDate "2017.09.29"]

1. e4 c5 2. Bc4 e6 3. Nc3 Nc6 4. Nf3 Nf6 5. d4 d5 6. exd5 exd5 7. Bb5 a6 8.
Bxc6+ bxc6 9. O-O Be7 10. dxc5 O-O 11. h3 Bxc5 12. Nd4 Qd6 13. Be3 Ba7 14. a3
c5 15. Nf3 Bb7 16. Bg5 d4 17. Nb1 Bb8 18. Bxf6 Bxf3 19. g3 Bxd1 20. Bxg7 Kxg7
21. Rxd1 Re8 22. Nd2 Bc7 23. Kg2 Rab8 24. Nb3 Qd5+ 25. Kh2 Re2 26. Rf1 Qf3 27.
Kg1 Bxg3 28. Rae1 Bxf2+ 29. Rxf2 Qxf2+ 30. Kh1 Qxe1# 0-1

[Event "Deutsche Ländermeisterschaft 2017"]
[Site "Hannover GER"]
[Date "2017.10.01"]
[Round "2"]
[White "Fuchs, Emily"]
[Black "Silber, Stefanie"]
[Result "0-1"]
[Termination "normal"]
[Board "9.6"]
[WhiteElo "1275"]
[BlackElo "1586"]
[WhiteTeam "Saarland"]
[BlackTeam "Bremen"]
[PlyCount "110"]
[WhiteFideId "16208986"]
[BlackFideId "12918245"]
[EventCountry "GER"]
[EventRounds "7"]
[EventType "team-swiss"]
[EventDate "2017.09.29"]

1. e4 c6 2. d4 d5 3. exd5 cxd5 4. Bd3 Nc6 5. c3 Nf6 6. Bf4 e6 7. Nf3 Be7 8.
Nbd2 O-O 9. O-O Nh5 10. Be3 Qc7 11. Re1 a6 12. Ne5 Nf6 13. Bf4 Bd6 14. Ndf3 b5
15. Qd2 Nh5 16. Bg3 Nxg3 17. hxg3 Ne7 18. Bc2 f6 19. Nd3 Bd7 20. Nb4 a5 21. Nd3
Rfc8 22. Re2 Ng6 23. Nh4 Nxh4 24. gxh4 Rab8 25. a3 Qc4 26. Bd1 Ra8 27. Rc1 b4
28. b3 bxc3 29. bxc4 cxd2 30. Rxd2 dxc4 31. Nc5 Bf4 32. Rdc2 Bxc1 33. Rxc1 Rc7
34. Nxd7 Rxd7 35. Rxc4 Rad8 36. Bb3 Rb7 37. Bc2 h6 38. h5 Kf7 39. Kf1 Rbd7 40.
Bb3 Rxd4 41. Rc5 Rd3 42. Rb5 Ke7 43. a4 R8d4 44. Ke2 Rc3 45. Bd1 Rc1 46. Bb3
Rb4 47. Kd2 Rxb5 48. axb5 Rc5 49. Ba4 Rc4 50. Bc2 Rb4 51. Bd3 Rb2+ 52. Ke3 a4
53. Kd4 a3 54. Kc3 Rxf2 55. Kb3 a2 0-1

[Event "Deutsche Ländermeisterschaft 2017"]
[Site "Hannover GER"]
[Date "2017.10.01"]
[Round "2"]
[White "Duan, Muxi"]
[Black "Huppert, Anna"]
[Result "0-1"]
[Termination "normal"]
[Board "9.7"]
[WhiteElo "1387"]
[BlackElo "1419"]
[WhiteTeam "Bremen"]
[BlackTeam "Saarland"]
[PlyCount "52"]
[WhiteFideId "12971960"]
[BlackFideId "16214439"]
[EventCountry "GER"]
[EventRounds "7"]
[EventType "team-swiss"]
[EventDate "2017.09.29"]

1. e4 e6 2. d4 d5 3. exd5 exd5 4. Bd3 Bd6 5. Nf3 Ne7 6. b3 Nbc6 7. Bb2 Bf5 8.
Be2 Qd7 9. Nbd2 O-O-O 10. c4 Bf4 11. c5 f6 12. Bc3 Rde8 13. b4 Ng6 14. a4 Bd3
15. Ng1 Qg4 16. g3 Bh6 17. f3 Qf5 18. Ra2 Bxe2 19. Nxe2 Re3 20. O-O Rhe8 21.
Rf2 Rd3 22. b5 Nd8 23. Qb1 Be3 24. g4 Bxf2+ 25. Kxf2 Rxe2+ 26. Kxe2 Rxd2+ 0-1